00831naa a22001457i 45000010005000000030009000050050017000140080041000310400029000720410008001011000157001092450103002666550030003697730286003999327KOSZ 00520180324111644.0180324s2001 pl ||||| ||||1|| 0 pol d cKOSZ 005/HRaKOSZ 005/HR0 apol1 aZAWADZKA, Danuta.d1999-2006.bPolitechnika Koszalińska - Wydział Ekonomii i Zarządzania,cKatedra Rachunkowości i Finansów, Zakład Finansów10aStrategie finansowania działalności przedsiębiorstwa :bstudium przypadku /cDanuta Zawadzka. 0aMateriały konferencyjne.0 iW :tRachunkowość i finanse w integracji Polski z krajami Unii Europejskiej : materiały na konferencję naukową, Koszalin 23 listopada 2001. - dKoszalin : Politechnika Koszalińska. Wydział Ekonomii i Zarządzania : Polskie Towarzystwo Ekonomiczne, 2001. -gs. 141-151.